| 000 | 00551nam a2200193Ia 4500 | ||
|---|---|---|---|
| 003 | OSt | ||
| 005 | 20251218124631.0 | ||
| 008 | 220923b |||||||| |||| 00| 0 tam d | ||
| 037 | _cTB | ||
| 040 |
_aARTS _cARTS _btam |
||
| 041 |
_2tam _atam |
||
| 084 |
_aO13,1:gx1,1 157K8 _qAL |
||
| 100 |
_aSanyal, Bhavanigopal _9208058 |
||
| 245 | 0 | _aArustotaler poetics ba sahityatatwa | |
| 260 | _c1968 | ||
| 650 |
_aTAMIL LITERATURE _9857796 |
||
| 942 |
_hO31:1:9x1:9 157K8 _cTB _2CC _n0 |
||
| 999 |
_c436361 _d436361 |
||